00693nam a2200193 a 450000100100000000500170001000800410002704000250006808200220009310000210011524500850013625000110022126000560023230000200028849000370030850000920034570000250043783000370046200003405020200930070731.0110921s1967 ag 000 0 spa d aDO-SdBNPbspacBNPHU axxxxbB877m, 19671 aBrown, Arturo I.10aMaravillosamente hecho /cArturo I. Brown ; versión castellana Raquel Boqué. a2a ed. aArgentina :bCasa Bautista de Publicaciones,c1967. a71 p. ;c19 cm.1 aBiblioteca de libros condensados aEl cuerpo humano- "La obra maestra de Dios" a la luz de la biblia y la ciencia médica1 aBoqué, Raqueletr. 0aBiblioteca de libros condensados